000 00766nam a2200253 4500
003 OSt
005 20260530113911.0
008 260421b1975 |||a|||| |||| 00| 0 spa d
040 _aICI
_bspa
_cICI
041 _aspa
050 _aHD7287
_bH3
100 _aHabraken, N. J.,
_eautor
_933373
245 1 0 _aSoportes :
_buna alternativa al alojamiento de masas /
_cN. J. Habraken ; traduccion y apendice Fernando Ramón
264 1 _aMadrid :
_bAlberto Corazón,
_c1975
300 _a182 páginas
336 _2rdacontent
_atexto
337 _2rdamedia
_asin medio
338 _2rdacarrier
_avolumen
490 _aComunicación
_v48
650 4 _aPropiedad
_933374
650 4 _aVivienda
_933375
700 _aRamón, Fernando,
_etraductor
_933376
942 _2lcc
_n1
_cBK
999 _c12124
_d12124